书目信息 |
| 题名: |
还似锦年
|
|
| 作者: | 纯白色 著 | |
| 分册: | ||
| 出版信息: | 厦门 鹭江出版社 2016 |
|
| 页数: | 270页 | |
| 开本: | 21cm | |
| 丛书名: | ||
| 单 册: | ||
| 中图分类: | I227.1 , I267 | |
| 科图分类: | ||
| 主题词: | 新诗--xin shi--诗集--中国--当代 , 散文集--san wen ji--中国--当代 | |
| 电子资源: | ||
| ISBN: | 978-7-5459-1131-2 | |
| 000 | 00743nam0 22002531 450 | |
| 001 | 0115101242 | |
| 005 | 20170415101242.0 | |
| 010 | @a978-7-5459-1131-2@b精装@dCNY68.00 | |
| 100 | @a20160808d2016 em y0chiy50 ea | |
| 101 | 0 | @achi |
| 102 | @aCN@b350000 | |
| 105 | @aa z 000zy | |
| 106 | @ar | |
| 200 | 1 | @a还似锦年@Ahai shi jin nian@dStill the mood for love@f杨朵轶著@zeng |
| 210 | @a厦门@c鹭江出版社@d2016 | |
| 215 | @a270页@c图@d21cm | |
| 510 | 1 | @aStill the mood for love@zeng |
| 606 | 0 | @a新诗@Axin shi@x诗集@y中国@z当代 |
| 606 | 0 | @a散文集@Asan wen ji@y中国@z当代 |
| 690 | @aI227.1@v5 | |
| 690 | @aI267@v5 | |
| 701 | 0 | @a纯白色@Achun bai se@4著 |
| 801 | 0 | @aCN@bTANGWEI@c20170308 |
| 905 | @b0965868-70@dI227.1@e448@f3 | |
| 还似锦年=Still the mood for love/杨朵轶著.-厦门:鹭江出版社,2016 |
| 270页:图;21cm |
| ISBN 978-7-5459-1131-2(精装):CNY68.00 |
| ● |
| 相关链接 |
|
|
|
|
正题名:还似锦年
索取号:I227.1/448
 
预约/预借
| 序号 | 登录号 | 条形码 | 馆藏地/架位号 | 状态 | 备注 |
| 1 | 0965868 | 209658681 | 第一样本阅览室/ [索取号:I227.1/448] | 在馆 | |
| 2 | 0965869 | 209658690 | 第二借阅区/ [索取号:I227.1/448] | 在馆 | |
| 3 | 0965870 | 209658707 | 第二借阅区/ [索取号:I227.1/448] | 在馆 |